Les métiers #1 - Statistiques

Statistiques générales
  • Ce quiz a été pris 567 fois
  • Le résultat moyen est 18 sur 20
Statistiques - réponses
Par images Réponse % Correct
Pompier
100%
Coiffeur
98%
Policier
98%
Vétérinaire
98%
Boucher
96%
Fleuriste
96%
Boulanger
95%
Dentiste
95%
Juge
94%
Professeur
94%
Serveur
94%
Agriculteur
93%
Médecin
93%
Chirurgien
91%
Architecte
90%
Psychologue
89%
Apiculteur
83%
Facteur
79%
Garagiste
78%
Kinésithérapeute
74%
Aucun quiz correspondant
Distribution des résultats
% des personnes avec chaque résultat
Percentile par nombre de réponses
Votre historique - résultats
Vous n’avez pas pris ce quiz